| 000 | 03209cam a2200277 i 4500 | ||
|---|---|---|---|
| 001 | 991061001442306706 | ||
| 005 | 20251022162740.0 | ||
| 008 | 230623e202303 spca||| ||||| 001|0 spa c | ||
| 015 |
_aLL2023 _2bnc |
||
| 020 | _a9788449340598 | ||
| 035 | _a(OCoLC)1433188541 | ||
| 040 |
_aES-BaGUN _bcat _erda _cES-BaGUN _dES-BaBC |
||
| 041 | _aspa | ||
| 100 |
_aGarcía Bello, Deborah _d1984- _eauthor _926274 |
||
| 245 | 1 | 3 |
_aLa química de lo bello _b: un relato científico sobre el arte y las bellezas cotidianas _c/ Deborah García Bello. |
| 250 | _aFirst edition. | ||
| 260 |
_aBarcelona : _bPaidós, _c2023. |
||
| 300 |
_a311 pages : _billustrations ; _c24 cm. |
||
| 490 | _aPaidós contextos | ||
| 520 | _aEl barrio donde crecimos, el graznido de las gaviotas, el cielo rosicler que anticipa un día de sol, el olor de los libros viejos, las fotos en blanco y negro de los abuelos, el mar, las revistas de moda de los sesenta, las flores urbanas o un pupitre con nombres grabados... Todas ellas bellezas cotidianas que a menudo pasan desapercibidas. Deborah García Bello, química y divulgadora galardonada, nos invita a disfrutar del asombro por estas bellezas cotidianas y a saborear con sosiego las bellezas extraordinarias. Desde la felicidad de un día corriente hasta la fascinación por una obra de arte, la autora nos descubre una original investigación en la que el arte se comunica con nosotros a través de sus materiales. Porque saber de química es como andar por la vida con unos ojos que miran a escala atómica. Todo lo bello, lo bueno y lo verdadero se ve más nítido a través del conocimiento científico. Descubriremos el mundo dentro del mundo, lo bello dentro de lo bello, en un relato costumbrista donde la narrativa se mezcla con la divulgación científica, que baja la ciencia y el arte de sus torres de marfil, y que nos revela que lo más deslumbrante se encuentra en la cotidianidad de nuestro entorno. | ||
| 520 | _aThe neighborhood where we grew up, the cry of seagulls, the rosy sky that heralds a sunny day, the smell of old books, black-and-white photos of our grandparents, the sea, 1960s fashion magazines, city flowers, or a school desk carved with names... all are everyday forms of beauty that often go unnoticed. Deborah García Bello, award-winning chemist and science communicator, invites us to rediscover wonder in these ordinary beauties and to savor extraordinary ones with calm appreciation. From the happiness of an ordinary day to the awe inspired by a work of art, the author reveals an original exploration in which art speaks to us through its materials. Because knowing chemistry is like walking through life with eyes that see at the atomic scale. Everything beautiful, good, and true becomes clearer through scientific understanding. We discover a world within a world, beauty within beauty, in a narrative that blends daily life with scientific storytelling—bringing science and art down from their ivory towers to show us that the most dazzling things are often found in the everyday world around us. | ||
| 650 | 0 |
_aAesthetics _97380 |
|
| 650 | 0 |
_aBeauty, Personal _926275 |
|
| 650 | 0 |
_aChemistry _vPopular works _926276 |
|
| 942 | _2lcc | ||
| 999 |
_c5088 _d5088 |
||